<?xml version="1.0" encoding="UTF-8"?>
<record
    xmlns:xsi="http://www.w3.org/2001/XMLSchema-instance"
    xsi:schemaLocation="http://www.loc.gov/MARC21/slim http://www.loc.gov/standards/marcxml/schema/MARC21slim.xsd"
    xmlns="http://www.loc.gov/MARC21/slim">

  <leader>03409nam a22003857a 4500</leader>
  <datafield tag="999" ind1=" " ind2=" ">
    <subfield code="c">21796</subfield>
    <subfield code="d">21796</subfield>
  </datafield>
  <controlfield tag="003">AR-CdUCM</controlfield>
  <controlfield tag="008">190425b           ||||| |||| 00| 0 spa d</controlfield>
  <datafield tag="040" ind1=" " ind2=" ">
    <subfield code="a">MUNICIPALIDAD PROVINCIAL DEL CUSCO</subfield>
    <subfield code="c">BIBLIOTECA MUNICIPAL DEL CUSCO</subfield>
  </datafield>
  <datafield tag="082" ind1=" " ind2=" ">
    <subfield code="a">Rev.IAAC/N&#xB0;11/1963</subfield>
  </datafield>
  <datafield tag="110" ind1=" " ind2=" ">
    <subfield code="a">Instituto Americano de Arte del Cuzco</subfield>
    <subfield code="9">43770</subfield>
  </datafield>
  <datafield tag="245" ind1=" " ind2=" ">
    <subfield code="a">Revista del Instituto Americano de Arte /</subfield>
  </datafield>
  <datafield tag="260" ind1=" " ind2=" ">
    <subfield code="a">Cusco :</subfield>
    <subfield code="b">H.G. Rozas,</subfield>
    <subfield code="c">1963.</subfield>
  </datafield>
  <datafield tag="300" ind1=" " ind2=" ">
    <subfield code="a">471 p&#xE1;ginas. :</subfield>
    <subfield code="b">ilustraciones, laminas ;</subfield>
    <subfield code="c">24 cm.</subfield>
  </datafield>
  <datafield tag="440" ind1=" " ind2=" ">
    <subfield code="a">Revista del Instituto Americano de Arte Cuzco.</subfield>
    <subfield code="n">A&#xF1;o XI, [?] semestre de 1963, N&#xB0;11. Vol.[?]</subfield>
    <subfield code="9">46138</subfield>
  </datafield>
  <datafield tag="505" ind1=" " ind2=" ">
    <subfield code="a">Contenido: Instituto Americano de Arte 1937-5 de octubre -1963. -- Cuzco ubicaci&#xF3;n geo-cultural. Rafael Aguilar. -- Mec&#xE1;nica a s&#xED;smica en el orden arquitect&#xF3;nico incaico. Rafael Calder&#xF3;n Pe&#xF1;aylillo. -- El terremoto de 1650 en el Cuzco. Horacio Villanueva Urtega. -- La se&#xF1;orial casa de Hatunrumiyoc. Juan Antonio Casanova. -- Machu y Huayna Picchu. Julio D&#xE1;vila Pe&#xF1;a. -- Issicha Puytu. Jorge A. Lira. -- La danza de los K&#xB4;achampas. Mario Alberto Gilt Contreras. -- El Yarav&#xED;. Consuelo Pagaza Galdo. -- Introducci&#xF3;n al estudio de las relaciones culturales entre el Alto Per&#xFA; y el Cuzco. Carlos G. Taborga. -- Los primeros peri&#xF3;dicos editados en el Cuzco. Luis Felipe Paredes. -- El pintor virreinal Marcos Zapata y su circulo. Jos&#xE9; Mesa y Teresa Gisbert. -- Los pintores coloniales de la colonia. Te&#xF3;filo Benavente. -- La obra pict&#xF3;rica de Agust&#xED;n Rivero. Julio G. Guti&#xE9;rrez. -- Antonio S&#xE1;nchez Delgado, escultor. Carlos Ferdinand Cuadros. -- La obra de Francisco Becerra en las catedrales de Lima y Cuzco. Jorge Cornejo Bouroncle. -- La contribuci&#xF3;n de Am&#xE9;rica a la hominizaci&#xF3;n. Eugenio Choy. -- Sinopsis de la teor&#xED;a del Derecho Interplanetario. Luis Felipe Paredes. -- Gonzalo Zaldumbide y su &#xC9;gloga tr&#xE1;gica. Luis Velazco Arag&#xF3;n. -- Apuntes sobre letrados cuzque&#xF1;os semblanza de Humberto Pacheco. Eustaquio Kallata. -- Otro accidente de tr&#xE1;nsito. Daniel Castillo. -- La barca aventurera. Margarita Mendiz&#xE1;bal de Roel. -- Ccochaccarancca. Juana Fern&#xE1;ndez de Olivera. --  Wilcamayo. Martha Alicia de Fernan Zegarra. -- Sentencia. Renee Luna. -- K&#xB4;antu. Delia Blanco de Valencia. -- Kkosko Mam&#xE1; Sonkko. Humberto Mata. -- La tragedia del mestizaje. Rafael Aguilar P&#xE1;ez. -- Escuela de labriegos y &#xE1;ngeles poemas. Gustavo P&#xE9;rez Ocampo. -- Viento de la puna. Luis Nieto Miranda. -- Escuela cusque&#xF1;a de arte colonial la iglesia de Huaroc. Jos&#xE9; Uriel Garc&#xED;a. -- Homenaje a las bodas de plata del IAAC programa general.</subfield>
  </datafield>
  <datafield tag="650" ind1=" " ind2=" ">
    <subfield code="a">Tradiciones cusque&#xF1;as</subfield>
    <subfield code="9">31110</subfield>
  </datafield>
  <datafield tag="650" ind1=" " ind2=" ">
    <subfield code="a">Literatura cusque&#xF1;a</subfield>
    <subfield code="9">46110</subfield>
  </datafield>
  <datafield tag="650" ind1=" " ind2=" ">
    <subfield code="a">Poetas cusque&#xF1;os</subfield>
    <subfield code="9">5956</subfield>
  </datafield>
  <datafield tag="650" ind1=" " ind2=" ">
    <subfield code="a">Arte cusque&#xF1;o</subfield>
    <subfield code="9">13165</subfield>
  </datafield>
  <datafield tag="650" ind1=" " ind2=" ">
    <subfield code="a">Arquitectura cusque&#xF1;a</subfield>
    <subfield code="9">30237</subfield>
  </datafield>
  <datafield tag="650" ind1=" " ind2=" ">
    <subfield code="a">Pintura cusque&#xF1;a</subfield>
    <subfield code="9">7254</subfield>
  </datafield>
  <datafield tag="650" ind1=" " ind2=" ">
    <subfield code="a">Pintores cusque&#xF1;os</subfield>
    <subfield code="9">46139</subfield>
  </datafield>
  <datafield tag="650" ind1=" " ind2=" ">
    <subfield code="a">Pintura colonial</subfield>
    <subfield code="9">46048</subfield>
  </datafield>
  <datafield tag="700" ind1=" " ind2=" ">
    <subfield code="a">Guti&#xE9;rrez Loayza, Julio</subfield>
    <subfield code="9">46116</subfield>
  </datafield>
  <datafield tag="700" ind1=" " ind2=" ">
    <subfield code="a">Nieto Mirando, Luis</subfield>
    <subfield code="9">46131</subfield>
  </datafield>
  <datafield tag="700" ind1=" " ind2=" ">
    <subfield code="a">Caballero Farf&#xE1;n, Policarpo</subfield>
    <subfield code="9">13130</subfield>
  </datafield>
  <datafield tag="700" ind1=" " ind2=" ">
    <subfield code="a">Villanueva Urteaga, Horacio</subfield>
    <subfield code="9">5790</subfield>
  </datafield>
  <datafield tag="700" ind1=" " ind2=" ">
    <subfield code="a">Fuentes Lira, Mariano</subfield>
    <subfield code="9">36631</subfield>
  </datafield>
  <datafield tag="700" ind1=" " ind2=" ">
    <subfield code="a">Cornejo Bouroncle, Jorge</subfield>
    <subfield code="9">15278</subfield>
  </datafield>
  <datafield tag="700" ind1=" " ind2=" ">
    <subfield code="a">De Mesa, Jos&#xE9;</subfield>
    <subfield code="9">46140</subfield>
  </datafield>
  <datafield tag="700" ind1=" " ind2=" ">
    <subfield code="a">Gisbert, Teresa</subfield>
    <subfield code="9">1086</subfield>
  </datafield>
  <datafield tag="942" ind1=" " ind2=" ">
    <subfield code="2">ddc</subfield>
    <subfield code="c">PP</subfield>
  </datafield>
  <datafield tag="945" ind1=" " ind2=" ">
    <subfield code="a">rac</subfield>
  </datafield>
  <datafield tag="952" ind1=" " ind2=" ">
    <subfield code="0">0</subfield>
    <subfield code="2">ddc</subfield>
    <subfield code="4">0</subfield>
    <subfield code="7">0</subfield>
    <subfield code="a">HEM</subfield>
    <subfield code="b">HEM</subfield>
    <subfield code="c">CART</subfield>
    <subfield code="d">2021-08-06</subfield>
    <subfield code="g">10.00</subfield>
    <subfield code="o">Rev.IAAC/N&#xB0;11/1963</subfield>
    <subfield code="p">REVC000243</subfield>
    <subfield code="r">2021-08-06</subfield>
    <subfield code="y">PP</subfield>
  </datafield>
  <datafield tag="952" ind1=" " ind2=" ">
    <subfield code="0">0</subfield>
    <subfield code="2">ddc</subfield>
    <subfield code="4">0</subfield>
    <subfield code="7">0</subfield>
    <subfield code="a">HEM</subfield>
    <subfield code="b">HEM</subfield>
    <subfield code="c">CART</subfield>
    <subfield code="d">2021-08-06</subfield>
    <subfield code="g">10.00</subfield>
    <subfield code="o">Rev.IAAC/N&#xB0;11/1963/e.2</subfield>
    <subfield code="p">REVC000244</subfield>
    <subfield code="r">2021-08-06</subfield>
    <subfield code="y">PP</subfield>
  </datafield>
</record>
